00333nam a22001217a 450000500170000002000230001703500230004003700130006310000190007624500550009526000420015030000190019220180823120122.0 a817000389Xc375.00 aB-220010, B-220018 aDPLbENG aMohanraj, V.M. aLibrary services for children /cby V. M. Mohanraj aNew DelhibEss Ess Publicationsc2004 a183p.c20 cms.